Sports Quiz

Random Sports or Soccer Quiz
Score 0/18 Timer 05:00
0 Plays Today
Position Player % Correct
GoalkeeperJohn Ruddy
96.5%
StrikerGrant Holt
91.5%
DefenderRussell Martin
88.7%
MidfielderRobert Snodgrass
82.7%
MidfielderWes Hoolahan
82.5%
MidfielderJonny Howson
81.7%
DefenderSebastien Bassong
75.4%
MidfielderBradley Johnson
71.4%
DefenderRyan Bennett
67.6%
Position Player % Correct
Used sub/MidfielderElliott Bennett
64.9%
Used sub/MidfielderAlex Tettey
62.4%
MidfielderAnthony Pilkington
53.9%
Unused sub/StrikerSimeon Jackson
45.6%
DefenderJavier Garrido
45.4%
Unused sub/GoalkeeperMark Bunn
42%
Used sub/StrikerLuciano Becchio
38.4%
Unused sub/DefenderSteven Whittaker
35.2%
Unused sub/DefenderLeon Barnett
18.2%
Remove Ads.
Support Sporcle.
Get the best of Sporcle when you Go Orange. This ad-free experience offers more features, more stats, and more fun while also helping to support Sporcle. Thank you for becoming a member.

You're not logged in!

Compare scores with friends on all Sporcle quizzes.
OR
Log In

Sporcle TV

Today on Sporcle TV


Watch our educational content, quiz creation guides, and fun videos on Sporcle TV.

Show Comments

Extras

Top Quizzes Today


Score Distribution

Paid Content

Your Account Isn't Verified!

In order to create a playlist on Sporcle, you need to verify the email address you used during registration. Go to your Sporcle Settings to finish the process.

Report this User

Report this user for behavior that violates our Community Guidelines.

Details: